| 000 -LEADER |
| fixed length control field |
00808cam a22002414a 4500 |
| 020 ## - INTERNATIONAL STANDARD BOOK NUMBER |
| ISBN |
076454876X |
| 040 ## - CATALOGING SOURCE |
| Transcribing agency |
DLC |
| 082 00 - DEWEY DECIMAL CLASSIFICATION NUMBER |
| Classification number |
005 NOV 2002 A006 Or. |
| 100 1# - MAIN ENTRY--AUTHOR NAME |
| Personal name |
Hughes, Jeffrey F. |
| 245 10 - TITLE STATEMENT |
| Title |
Novell's guide to NetWare 6 networks / |
| 246 30 - VARYING FORM OF TITLE |
| Title proper/short title |
Guide to NetWare 6 networks |
| 250 ## - EDITION STATEMENT |
| Edition statement |
1st ed. |
| 260 ## - PUBLICATION, DISTRIBUTION, ETC. (IMPRINT) |
| Place of publication |
San Jose : |
| Name of publisher |
Novell Press, |
| Year of publication |
c2002. |
| 300 ## - PHYSICAL DESCRIPTION |
| Number of Pages |
xxxvi, 1472 p. : |
| Other physical details |
ill. ; |
| Dimensions |
24 cm. + |
| Accompanying material |
3 CD-ROM (4 3\4 in.) |
| 500 ## - GENERAL NOTE |
| General note |
Includes index. |
| 650 #0 - SUBJECT ADDED ENTRY--TOPICAL TERM |
| Topical Term |
Operating systems (Computers) |
| 650 #0 - SUBJECT ADDED ENTRY--TOPICAL TERM |
| Topical Term |
Computer networks. |
| 700 1# - ADDED ENTRY--PERSONAL NAME |
| Personal name |
Thomas, Blair W. |
| 856 42 - ELECTRONIC LOCATION AND ACCESS |
| Uniform Resource Identifier |
http://www.loc.gov/catdir/bios/wiley045/2001099742.html |
| 856 42 - ELECTRONIC LOCATION AND ACCESS |
| Uniform Resource Identifier |
http://www.loc.gov/catdir/description/wiley039/2001099742.html |
| 856 41 - ELECTRONIC LOCATION AND ACCESS |
| Uniform Resource Identifier |
http://www.loc.gov/catdir/toc/wiley023/2001099742.html |
| 942 ## - ADDED ENTRY ELEMENTS (KOHA) |
| Koha item type |
សៀវភៅភាសាអង់គ្លេស |
| 952 ## - LOCATION AND ITEM INFORMATION (KOHA) |
| Withdrawn status [LOCAL, KOHA] |
0 |